| 000 | 00712nam a22002297a 4500 | ||
|---|---|---|---|
| 003 | CO-ViMGA | ||
| 008 | 170824b xxu||||| |||| 00| 0 eng d | ||
| 020 | _a8423663116 | ||
| 040 |
_aCO-ViMGA _bspa _cCO-ViMGA |
||
| 090 | _aMAMm | ||
| 100 | 1 |
_aREINA DUARTE, _d1947, _910590 |
|
| 245 | 1 | 0 |
_aMamá/ _cTexto, Reina Duarte ; Cubierta, Francesc Sala, ; ilustracion, Montse Tobella, |
| 260 |
_aEspaña, _bEditorial Edebe, _c2002 |
||
| 300 |
_a22 pg, _bll ; 20.5 x 20.5 cm |
||
| 490 | _aMi familia, | ||
| 534 |
_pTitulo original en castellano ; _tMamá, |
||
| 650 | 1 | 4 |
_aLa Familia, _910591 |
| 700 | 1 |
_aFrancesc Sala _ecu, _910593 |
|
| 700 | 1 |
_aReina Duarte, _d1947, _etx, _910592 |
|
| 942 |
_2ddc _cBK |
||
| 945 | _aMAMm | ||
| 999 |
_c36797 _d36797 |
||